000 00613nam a2200229Ia 4500
003 OSt
005 20220928102332.0
006 a|||||r|||| 00| 0
007 ta
008 220927b |||||||| |||| 00| 0 eng d
024 _a48928
037 _cTextual
040 _aSDCL
_cSDCL
_beng
041 _2eng
_aeng
082 _aO152,1N5:g, N7
100 _aGautam Suresh
_9397751
245 0 _aAntgravaksh
_b Pragativadi kavya.
260 _aDelhi
_bAlokparv Prakashan
_c1997
300 _a154p.
_ccm.
942 _hO152,1N5:g, N7
_cTEXL
_2CC
999 _c713563
_d713563